[Event "16th IT Zenica 2012"]
[Site "Zenica"]
[Date "2012.11.12"]
[Round "1.2"]
[White "Muratovic, Enver"]
[Black "Dizdarevic, Emir"]
[Result "0-1"]
[WhiteElo "2311"]
[BlackElo "2500"]
[PlyCount "56"]
[EventDate "2012.11.12"]

1. e4 c6 2. d4 d5 3. e5 c5 4. dxc5 e6 5. Nf3 Bxc5 6. Bd3 Ne7 7. O-O Ng6 8. Qe2
Nc6 9. c3 O-O 10. Bg5 Qc7 11. b4 Bb6 12. Re1 Ncxe5 13. Nxe5 Qxe5 14. Qxe5 Nxe5
15. Rxe5 f6 16. Bxf6 Rxf6 17. Re2 e5 18. Rxe5 Rxf2 19. Kh1 Bd7 20. Rxd5 Bc6 21.
Bc4 Bxd5 22. Bxd5+ Kh8 23. Na3 Rd8 24. Bf3 Re8 25. h3 Bc7 26. Kg1 Bg3 27. Bd5
a6 28. Rd1 Ree2 0-1

[Event "16th IT Zenica 2012"]
[Site "Zenica"]
[Date "2012.11.12"]
[Round "1.3"]
[White "Goric, Esad"]
[Black "Radlovacki, Jovan"]
[Result "0-1"]
[WhiteElo "2344"]
[BlackElo "2416"]
[PlyCount "104"]
[EventDate "2012.11.12"]

1. c4 e6 2. g3 b6 3. Bg2 c6 4. Nc3 Ba6 5. d3 Nf6 6. Nf3 Be7 7. O-O d5 8. cxd5
exd5 9. d4 O-O 10. Rb1 Bb4 11. Ne5 Nfd7 12. Nd3 Bxc3 13. bxc3 Re8 14. Re1 Nf6
15. Bg5 Nbd7 16. e4 dxe4 17. Nb4 Qc8 18. Nxa6 Qxa6 19. Qc2 h6 20. Bd2 Re7 21.
c4 Rae8 22. Bf1 c5 23. d5 Ne5 24. Be2 Qc8 25. Bc3 h5 26. Bxe5 Rxe5 27. Bf1 h4
28. Rb3 hxg3 29. hxg3 Nh7 30. Rbe3 f5 31. Bg2 Qc7 32. Qc3 R5e7 33. Bh3 g6 34.
Qd2 Qd6 35. Ra3 Qf6 36. Qf4 Ng5 37. Bg2 Nf7 38. g4 Qd6 39. Qxd6 Nxd6 40. gxf5
gxf5 41. Rc1 Rg7 42. Rg3 f4 43. Rxg7+ Kxg7 44. Bh3 Kf6 45. a4 Ke5 46. a5 Rg8+
47. Kf1 Rh8 48. Kg2 f3+ 49. Kg3 Rg8+ 50. Kh2 Kf4 51. Bf1 Rh8+ 52. Kg1 e3 0-1

[Event "16th IT Zenica 2012"]
[Site "Zenica"]
[Date "2012.11.12"]
[Round "1.5"]
[White "Radic, Bojan"]
[Black "Drazic, Sinisa"]
[Result "1/2-1/2"]
[WhiteElo "2193"]
[BlackElo "2488"]
[PlyCount "154"]
[EventDate "2012.11.12"]

1. e4 e5 2. Nf3 Nc6 3. d4 exd4 4. Nxd4 Nge7 5. Nc3 Nxd4 6. Qxd4 Nc6 7. Qd1 Bc5
8. Qh5 d6 9. Bg5 Qd7 10. Nd5 Nb4 11. Nxb4 Bxb4+ 12. c3 Bc5 13. Bd3 h6 14. Bf4
O-O 15. h3 Qe6 16. O-O Qf6 17. Bg3 Qg5 18. Qxg5 hxg5 19. e5 dxe5 20. Bxe5 Bb6
21. Bc4 Re8 22. Bg3 Be6 23. Bxe6 Rxe6 24. Rfe1 Rxe1+ 25. Rxe1 Rd8 26. Kf1 f5
27. h4 f4 28. Bh2 Rd2 29. Re2 Rd1+ 30. Re1 Rxe1+ 31. Kxe1 f3 32. hxg5 fxg2 33.
Ke2 Kf7 34. Kf3 Kg6 35. Kxg2 Kxg5 36. f3 c6 37. Be5 g6 38. Bb8 Be3 39. Kf1 a6
40. Ke2 Bc1 41. b4 b5 42. Kd3 Kf5 43. Bg3 Bf4 44. Bf2 Ke5 45. Bd4+ Kd5 46. Bc5
Be5 47. Be3 Bd6 48. Bg5 c5 49. bxc5 Bxc5 50. Bd8 Bf8 51. Bb6 Bg7 52. Be3 Bf6
53. Bb6 Be7 54. Be3 Bc5 55. Bg5 Ke5 56. Bd2 Kf5 57. Bc1 Bd6 58. Be3 Be5 59. Bd2
Bf4 60. Be1 Ke5 61. Bf2 Kd5 62. Bb6 Kc6 63. Bf2 Be5 64. Be3 Bd6 65. Bd4 Bc5 66.
Be5 Kb6 67. Bd4 Bxd4 68. Kxd4 Ka5 69. Ke5 Ka4 70. Kf6 Ka3 71. Kxg6 Kxa2 72. f4
a5 73. f5 b4 74. cxb4 axb4 75. f6 b3 76. f7 b2 77. f8=Q b1=Q+ 1/2-1/2

[Event "16th IT Zenica 2012"]
[Site "Zenica"]
[Date "2012.11.13"]
[Round "2.1"]
[White "Martinovic, Slobodan"]
[Black "Drazic, Sinisa"]
[Result "1/2-1/2"]
[WhiteElo "2430"]
[BlackElo "2488"]
[PlyCount "135"]
[EventDate "2012.11.12"]

1. Nf3 g6 2. e4 Bg7 3. d4 d6 4. c3 Nf6 5. Bd3 O-O 6. O-O Nc6 7. Nbd2 a6 8. Re1
e5 9. dxe5 Nxe5 10. Nxe5 dxe5 11. Nf3 Nh5 12. Bg5 Bf6 13. Bh6 Re8 14. h3 Ng7
15. Bc4 Be6 16. Bxg7 Kxg7 17. Qb3 b5 18. Bxe6 Rxe6 19. Red1 Qe8 20. a4 Rd8 21.
Rxd8 Bxd8 22. axb5 axb5 23. Ra8 Qe7 24. Ra1 c6 25. Rd1 Rd6 26. Rxd6 Qxd6 27. g3
Bb6 28. Kg2 Qc5 29. Qc2 b4 30. h4 Ba5 31. c4 Bb6 32. b3 h5 33. Qd2 Kf6 34. Ng5
Ke7 35. Nf3 f6 36. Ne1 Ke6 37. Nc2 Ba5 38. Qh6 Bb6 39. Ne3 Qa5 40. Qxg6 Bxe3
41. fxe3 Qa2+ 42. Kh3 Qe2 43. Qf5+ Ke7 44. c5 Qd1 45. Qh7+ Kd8 46. Qg8+ Kc7 47.
Qf7+ Kb8 48. Qg8+ Kb7 49. Qf7+ Ka6 50. Qc4+ Ka5 51. Kg2 Qd2+ 52. Kf3 Qd1+ 53.
Kf2 Qb1 54. Qf7 Qc2+ 55. Kf3 Qd1+ 56. Kf2 Kb5 57. Qc4+ Ka5 58. Qf7 Qc2+ 59. Kf3
Qxc5 60. Qxh5 Qc1 61. Qf7 Qh1+ 62. Kf2 Qxe4 63. h5 Qf5+ 64. Kg2 Qe4+ 65. Kf2
Qf5+ 66. Kg2 Qc2+ 67. Kh3 Qf5+ 68. Kg2 1/2-1/2

[Event "16th IT Zenica 2012"]
[Site "Zenica"]
[Date "2012.11.13"]
[Round "2.4"]
[White "Dizdarevic, Emir"]
[Black "Goric, Esad"]
[Result "1/2-1/2"]
[WhiteElo "2500"]
[BlackElo "2344"]
[PlyCount "79"]
[EventDate "2012.11.12"]

1. Nf3 c5 2. c4 b6 3. g3 Bb7 4. Bg2 Nf6 5. O-O e6 6. Nc3 Be7 7. d4 cxd4 8. Qxd4
O-O 9. Bf4 d6 10. Qd2 Qc8 11. Rac1 a6 12. Rfd1 Rd8 13. b3 Nbd7 14. h3 Nc5 15.
Qb2 Nce4 16. Be3 Qc7 17. Bd4 Rab8 18. a3 Bf8 19. Nxe4 Nxe4 20. h4 Ba8 21. Qb1
Be7 22. Qd3 Nc5 23. Qe3 h6 24. Bh3 Ne4 25. Bg2 Nf6 26. a4 Bc6 27. Bxf6 Bxf6 28.
Ne1 Bxg2 29. Kxg2 b5 30. cxb5 Qb7+ 31. Qf3 axb5 32. Qxb7 Rxb7 33. a5 b4 34. Rc6
d5 35. Nd3 Ra8 36. a6 Rba7 37. Nxb4 Rb8 38. Nd3 Rxb3 39. Nc5 Ra3 40. Rb1
1/2-1/2

[Event "16th IT Zenica 2012"]
[Site "Zenica"]
[Date "2012.11.13"]
[Round "2.5"]
[White "Mestrovic, Zvonimir"]
[Black "Muratovic, Enver"]
[Result "1/2-1/2"]
[WhiteElo "2320"]
[BlackElo "2311"]
[PlyCount "58"]
[EventDate "2012.11.12"]

1. e4 e6 2. d4 d5 3. Bd3 c5 4. exd5 Qxd5 5. Nc3 Qxd4 6. Nf3 Qd8 7. Ne5 Nf6 8.
Qf3 Nbd7 9. Nc4 Nb6 10. Nxb6 Qxb6 11. Bg5 Be7 12. O-O-O Bd7 13. Ne4 Bc6 14.
Bxf6 Bxe4 15. Bxe4 Bxf6 16. c3 Rb8 17. h4 h6 18. g4 Ke7 19. Qf4 g5 20. Rd7+
Kxd7 21. Qxf6 Rbd8 22. hxg5 Kc8 23. gxh6 Qd6 24. h7 Qd2+ 25. Kb1 Qe2 26. Bf3
Qd3+ 27. Kc1 Qd2+ 28. Kb1 Qd3+ 29. Kc1 Qd2+ 1/2-1/2

[Event "16th IT Zenica 2012"]
[Site "Zenica"]
[Date "2012.11.13"]
[Round "3.4"]
[White "Radic, Bojan"]
[Black "Radlovacki, Jovan"]
[Result "0-1"]
[WhiteElo "2193"]
[BlackElo "2416"]
[PlyCount "92"]
[EventDate "2012.11.12"]

1. e4 c6 2. d4 d5 3. e5 Bf5 4. Nc3 a6 5. Bd3 Bxd3 6. Qxd3 e6 7. Be3 c5 8. dxc5
Nd7 9. Nf3 Nxc5 10. Qe2 Qc7 11. O-O Ne7 12. Rad1 Ng6 13. Rfe1 Be7 14. Bxc5 Bxc5
15. g3 Bb4 16. Rd3 Rc8 17. a3 Be7 18. Nd4 Bc5 19. Kg2 Ne7 20. Nb3 Ba7 21. Rc1
O-O 22. f4 Rfd8 23. Qf3 Nf5 24. Ne2 Qc4 25. Nd2 Qb5 26. Rb3 Qa5 27. Rd3 Rc6 28.
Kh3 Qc7 29. c4 h5 30. Rcc3 d4 31. Rc1 b5 32. b3 g6 33. g4 hxg4+ 34. Qxg4 Kg7
35. Qg5 Rh8+ 36. Kg2 Bc5 37. Ng3 Ne3+ 38. Rxe3 dxe3 39. Nde4 Be7 40. Nf6 Qd8
41. Nge4 Qd3 42. Qg4 bxc4 43. bxc4 Rxc4 44. Rxc4 Qxc4 45. h4 Qc2+ 46. Kf1 e2+
0-1

[Event "16th IT Zenica 2012"]
[Site "Zenica"]
[Date "2012.11.13"]
[Round "3.5"]
[White "Drazic, Sinisa"]
[Black "Terzic, Safet"]
[Result "1-0"]
[WhiteElo "2488"]
[BlackElo "2246"]
[PlyCount "110"]
[EventDate "2012.11.12"]

1. d4 Nf6 2. c4 g6 3. Nc3 Bg7 4. e4 d6 5. f3 O-O 6. Be3 c6 7. Qd2 a6 8. c5 b6
9. cxb6 Qxb6 10. Na4 Qc7 11. Ne2 Nbd7 12. Nec3 Nb6 13. Nxb6 Qxb6 14. Na4 Qb7
15. Rc1 Bd7 16. b3 Rfd8 17. Kf2 a5 18. Qc2 Ne8 19. Be2 Nc7 20. Rhd1 Nb5 21. Rd2
Be8 22. Qd1 h5 23. g3 Kh7 24. h3 Bd7 25. g4 Bf6 26. Kg2 Rab8 27. Qe1 Nc7 28.
Qf2 Na6 29. e5 dxe5 30. dxe5 Bxe5 31. Bxa6 Qxa6 32. Nc5 Qc8 33. Rcd1 Bd6 34.
Ne4 Be6 35. Qh4 Rh8 36. Rxd6 exd6 37. Bd4 Rb5 38. Qf6 Rg8 39. Qf4 g5 40. Qe3
Rg6 41. Nxd6 Qd8 42. Nxb5 cxb5 43. gxh5 Rg8 44. Qe4+ Kh6 45. Bg7+ Kxg7 46. Rxd8
Rxd8 47. Qe5+ Kh7 48. Qxb5 Rd5 49. Qe8 Kg7 50. Kg3 Rf5 51. Qc6 Bd5 52. Qc3+ f6
53. Qxa5 Rxf3+ 54. Kh2 Be6 55. Qb6 Bf5 1-0

[Event "16th IT Zenica 2012"]
[Site "Zenica"]
[Date "2012.11.13"]
[Round "3.3"]
[White "Trkulja, Goran"]
[Black "Dizdarevic, Emir"]
[Result "0-1"]
[WhiteElo "2388"]
[BlackElo "2500"]
[PlyCount "90"]
[EventDate "2012.11.12"]

1. d4 d5 2. Nf3 Nf6 3. c4 dxc4 4. Qa4+ Nc6 5. e3 Nd7 6. Qxc4 e5 7. dxe5 Ndxe5
8. Nxe5 Nxe5 9. Qb5+ Nd7 10. Be2 c6 11. Qd3 Qg5 12. Qe4+ Be7 13. h4 Qg6 14. Nc3
Nc5 15. Qxg6 hxg6 16. g3 Be6 17. b4 Nd7 18. b5 g5 19. Bb2 gxh4 20. O-O-O O-O-O
21. bxc6 bxc6 22. gxh4 Rxh4 23. Rxh4 Bxh4 24. Ne4 Bd5 25. Nd6+ Kc7 26. Nf5 Bxf2
27. Rf1 g6 28. Rxf2 gxf5 29. Rxf5 Rg8 30. e4 Be6 31. Ra5 Rg2 32. Kd1 Kb6 33.
Ra6+ Kb7 34. Ra5 c5 35. Rb5+ Kc6 36. Ra5 Bg4 37. Bxg4 Rxg4 38. Rxa7 Rxe4 39. a4
f5 40. a5 f4 41. Bc3 f3 42. Be1 Rg4 43. Ra6+ Kd5 44. Bf2 Rg2 45. Rh6 Rxf2 0-1

[Event "16th IT Zenica 2012"]
[Site "Zenica"]
[Date "2012.11.14"]
[Round "4.1"]
[White "Martinovic, Slobodan"]
[Black "Terzic, Safet"]
[Result "1-0"]
[WhiteElo "2430"]
[BlackElo "2246"]
[PlyCount "82"]
[EventDate "2012.11.12"]

1. d4 Nf6 2. Nf3 g6 3. c4 Bg7 4. Nc3 O-O 5. e4 d6 6. h3 Nbd7 7. Be3 e5 8. d5
Nc5 9. Nd2 a5 10. g4 b6 11. Be2 Ne8 12. h4 f5 13. g5 f4 14. Bxc5 dxc5 15. Bg4
Nd6 16. Qf3 a4 17. O-O-O a3 18. b3 Qe7 19. Bxc8 Raxc8 20. Rdg1 Rb8 21. h5 Rf7
22. hxg6 hxg6 23. Rh3 b5 24. Nxb5 Nxb5 25. cxb5 c4 26. Nxc4 Qc5 27. Rd1 Rxb5
28. Rd2 Rb4 29. Qd3 Bf8 30. Rh4 f3 31. Rc2 Be7 32. Nxe5 Bxg5+ 33. Kb1 Qd4 34.
Qxd4 Rxd4 35. Rh1 Rf4 36. Rg1 Bd8 37. Rxg6+ Kf8 38. Rc3 Rdxe4 39. Rxf3 Ke8 40.
Rxf4 Rxf4 41. Nd3 Rf5 1-0

[Event "16th IT Zenica 2012"]
[Site "Zenica"]
[Date "2012.11.14"]
[Round "4.2"]
[White "Radlovacki, Jovan"]
[Black "Drazic, Sinisa"]
[Result "0-1"]
[WhiteElo "2416"]
[BlackElo "2488"]
[PlyCount "142"]
[EventDate "2012.11.12"]

1. d4 Nf6 2. Nf3 g6 3. Bf4 Bg7 4. e3 O-O 5. Be2 d6 6. h3 Nfd7 7. O-O e5 8. Bh2
Nc6 9. c3 f5 10. Nbd2 Qe7 11. Bb5 Nd8 12. dxe5 Nxe5 13. Nd4 d5 14. N2f3 Nef7
15. Qb3 c6 16. Be2 g5 17. Rae1 Kh8 18. c4 dxc4 19. Bxc4 g4 20. hxg4 fxg4 21.
Nd2 Ne5 22. Be2 Ndf7 23. Ne4 c5 24. Qa3 b6 25. Ng3 Ng5 26. e4 Nef3+ 27. Nxf3
gxf3 28. Bxf3 Nxf3+ 29. gxf3 Bh3 30. Nf5 Rxf5 31. exf5 Qg5+ 32. Bg3 Bd4 33. f4
Qxf5 34. Qf3 Rg8 35. b3 Qg6 36. Kh2 Qh6 37. Kg1 Bd7 38. Re4 Bc6 39. Kg2 Qg6 40.
f5 Qf7 41. Rfe1 Rg5 42. Kf1 Rxf5 43. Re8+ Bxe8 44. Rxe8+ Qxe8 45. Qxf5 h6 46.
Qd5 Qe7 47. Kg2 Kg7 48. Kf1 Kg6 49. Qa8 h5 50. Bb8 Qf7 51. Qe4+ Kg5 52. f4+ Kh6
53. f5 Bf6 54. Qe6 Qxe6 55. fxe6 a6 56. Ba7 Kg6 57. Bxb6 Be7 58. Ke2 Kf5 59.
Kf3 Bd6 60. Ba5 Kxe6 61. Be1 Kf5 62. Bf2 Be7 63. Be1 Bd6 64. Bf2 Ke5 65. Bg3+
Kd5 66. Bf2 Be7 67. Kf4 Bd8 68. Kf5 h4 69. Kg4 Be7 70. Kf3 h3 71. Kg3 Bh4+ 0-1

[Event "16th IT Zenica 2012"]
[Site "Zenica"]
[Date "2012.11.14"]
[Round "4.3"]
[White "Dizdarevic, Emir"]
[Black "Radic, Bojan"]
[Result "1-0"]
[WhiteElo "2500"]
[BlackElo "2193"]
[PlyCount "97"]
[EventDate "2012.11.12"]

1. c4 Nf6 2. g3 c5 3. Bg2 Nc6 4. Nc3 g6 5. Nf3 d6 6. d4 cxd4 7. Nxd4 Bd7 8. O-O
Bg7 9. Nxc6 Bxc6 10. e4 O-O 11. Qe2 Nd7 12. Bd2 a5 13. b3 Qb6 14. Rab1 Nc5 15.
Nd5 Bxd5 16. exd5 Bf6 17. h4 Rfb8 18. Rfe1 Qd8 19. Bf1 Qd7 20. Qf3 h5 21. Rec1
Qd8 22. Rc2 b6 23. Re1 Nd7 24. Kg2 Ra7 25. Be2 Qc8 26. Rcc1 Bb2 27. Rb1 Bf6 28.
Be3 Rc7 29. Rec1 Qf8 30. Qe4 Qg7 31. Bd2 Nc5 32. Qf3 Nd7 33. Qe3 Nc5 34. Rc2
Bd4 35. Qf3 Bf6 36. Qf4 Nd7 37. Rcc1 Bb2 38. Rd1 Bc3 39. Be3 Nc5 40. Rbc1 Bf6
41. Rb1 Bc3 42. a3 Bf6 43. Bf1 Bb2 44. Rxb2 Qxb2 45. Bd4 Qc2 46. Qh6 f6 47. Rd3
Kf7 48. Qh7+ Ke8 49. Re3 1-0

[Event "16th IT Zenica 2012"]
[Site "Zenica"]
[Date "2012.11.14"]
[Round "4.4"]
[White "Mestrovic, Zvonimir"]
[Black "Trkulja, Goran"]
[Result "1-0"]
[WhiteElo "2320"]
[BlackElo "2388"]
[PlyCount "81"]
[EventDate "2012.11.12"]

1. e4 c5 2. c3 d6 3. d4 Nf6 4. Bd3 Nc6 5. Ne2 cxd4 6. cxd4 Qb6 7. Nbc3 Bd7 8.
O-O e6 9. d5 Ne5 10. Be3 Qd8 11. dxe6 fxe6 12. Bb5 Nc6 13. Bg5 a6 14. Bxc6 bxc6
15. e5 Qa5 16. Bxf6 gxf6 17. exd6 Qe5 18. Nd4 c5 19. Qf3 Rc8 20. Rfe1 Qxd4 21.
Qh5+ Kd8 22. Ne4 Rc6 23. Rad1 Qe5 24. Qf7 Bxd6 25. Nxf6 Qxh2+ 26. Kf1 Bc8 27.
Ne4 Re8 28. Ng3 a5 29. Re4 Re7 30. Qf6 Ba6+ 31. Ke1 Qxg2 32. Rxe6 Kc7 33. Rxe7+
Bxe7 34. Qxe7+ Kb6 35. Qd8+ Kb5 36. Ne2 Re6 37. Rd3 a4 38. Kd2 Qxf2 39. Qd7+
Rc6 40. Rd6 Ka5 41. Qd8+ {Time} 1-0

[Event "16th IT Zenica 2012"]
[Site "Zenica"]
[Date "2012.11.15"]
[Round "5.1"]
[White "Goric, Esad"]
[Black "Martinovic, Slobodan"]
[Result "1/2-1/2"]
[WhiteElo "2344"]
[BlackElo "2430"]
[PlyCount "22"]
[EventDate "2012.11.12"]

1. Nf3 Nf6 2. c4 c5 3. Nc3 b6 4. g3 Bb7 5. Bg2 g6 6. O-O Bg7 7. b3 O-O 8. Bb2
d6 9. d4 cxd4 10. Qxd4 Nbd7 11. Qd2 Rc8 1/2-1/2

[Event "16th IT Zenica 2012"]
[Site "Zenica"]
[Date "2012.11.15"]
[Round "5.3"]
[White "Radic, Bojan"]
[Black "Mestrovic, Zvonimir"]
[Result "0-1"]
[WhiteElo "2193"]
[BlackElo "2320"]
[PlyCount "70"]
[EventDate "2012.11.12"]

1. e4 Nc6 2. Nf3 d6 3. d4 Nf6 4. d5 Nb8 5. Nbd2 g6 6. b4 Bg7 7. Bb2 O-O 8. c4
c6 9. Qb3 a5 10. Be2 axb4 11. Qxb4 Na6 12. Qc3 Nc5 13. Qc2 Na4 14. Rb1 Nxb2 15.
Rxb2 Ng4 16. Rb3 Qa5 17. O-O Qxa2 18. Qd3 Qa7 19. h3 Ne5 20. Nxe5 Bxe5 21. Rfb1
Qc5 22. Bg4 e6 23. g3 Ra2 24. Kg2 Bd4 25. dxe6 Bxe6 26. Rxb7 Bxg4 27. hxg4 Bxf2
28. R7b2 Rxb2 29. Rxb2 Qe5 30. Rb7 Bc5 31. Nf3 Qe6 32. g5 Re8 33. Nh2 Qxe4+ 34.
Qxe4 Rxe4 35. Kh3 Be3 0-1

[Event "16th IT Zenica 2012"]
[Site "Zenica"]
[Date "2012.11.15"]
[Round "5.5"]
[White "Terzic, Safet"]
[Black "Radlovacki, Jovan"]
[Result "1/2-1/2"]
[WhiteElo "2246"]
[BlackElo "2416"]
[PlyCount "23"]
[EventDate "2012.11.12"]

1. d4 Nf6 2. c4 e6 3. Nf3 b6 4. g3 Ba6 5. Qc2 Bb4+ 6. Bd2 Be7 7. Bg2 O-O 8. O-O
Qc8 9. e4 Bb7 10. Re1 d6 11. Nc3 Rd8 12. e5 1/2-1/2

[Event "16th IT Zenica 2012"]
[Site "Zenica"]
[Date "2012.11.15"]
[Round "6.1"]
[White "Martinovic, Slobodan"]
[Black "Radlovacki, Jovan"]
[Result "1/2-1/2"]
[WhiteElo "2430"]
[BlackElo "2416"]
[PlyCount "25"]
[EventDate "2012.11.12"]

1. e4 e6 2. d4 d5 3. Nd2 dxe4 4. Nxe4 Nd7 5. Nf3 Ngf6 6. Nxf6+ Nxf6 7. Bd3 c5
8. dxc5 Bxc5 9. O-O O-O 10. Bg5 Be7 11. Qe2 Re8 12. Rad1 Qc7 13. Ne5 1/2-1/2

[Event "16th IT Zenica 2012"]
[Site "Zenica"]
[Date "2012.11.15"]
[Round "6.2"]
[White "Dizdarevic, Emir"]
[Black "Terzic, Safet"]
[Result "1-0"]
[WhiteElo "2500"]
[BlackElo "2246"]
[PlyCount "117"]
[EventDate "2012.11.12"]

1. Nf3 Nf6 2. g3 g6 3. b3 Bg7 4. Bb2 d6 5. d4 c5 6. Bg2 cxd4 7. Nxd4 d5 8. O-O
O-O 9. c4 dxc4 10. bxc4 Qb6 11. Qc1 Nfd7 12. Nb3 Bxb2 13. Qxb2 Nc6 14. Nc3 e6
15. Ne4 e5 16. Rfd1 f5 17. Nd6 Nd4 18. Nxc8 Raxc8 19. Rab1 Nc5 20. Nxc5 Qxc5
21. e3 Nc6 22. Qxb7 e4 23. Rd7 Qe5 24. Rbd1 Na5 25. Qxa7 Nc6 26. Qb7 Na5 27.
Qa7 Nc6 28. Qb6 Qa5 29. Qxa5 Nxa5 30. Ra7 Nc6 31. Rb7 Rf7 32. Rb5 Na7 33. Ra5
Rxc4 34. Bf1 Rc2 35. Ra6 Nc6 36. Ra8+ Kg7 37. Rc8 Ra7 38. Bb5 Nb4 39. Rxc2 Nxc2
40. Rd7+ Rxd7 41. Bxd7 Na3 42. Be6 Kf6 43. Bg8 h6 44. Kf1 g5 45. Ke2 f4 46. Kd2
Ke5 47. Kc1 h5 48. Kb2 Nb5 49. a4 Na7 50. Kc3 h4 51. g4 h3 52. Kc4 Nc6 53. Kc5
Ne7 54. Bc4 Nf5 55. gxf5 g4 56. f6 Kxf6 57. exf4 Kf5 58. Kd4 Kxf4 59. Be2 1-0

[Event "16th IT Zenica 2012"]
[Site "Zenica"]
[Date "2012.11.15"]
[Round "6.3"]
[White "Mestrovic, Zvonimir"]
[Black "Drazic, Sinisa"]
[Result "1/2-1/2"]
[WhiteElo "2320"]
[BlackElo "2488"]
[PlyCount "106"]
[EventDate "2012.11.12"]

1. d4 d5 2. Nc3 Nf6 3. Bg5 Nbd7 4. Nf3 h6 5. Bh4 e6 6. e3 c5 7. dxc5 Bxc5 8.
Bd3 Be7 9. O-O O-O 10. Re1 Nc5 11. Bf1 b6 12. a3 Bb7 13. Ne5 Rc8 14. b4 Ncd7
15. Nxd7 Nxd7 16. Bxe7 Qxe7 17. Nb5 a6 18. Nd4 e5 19. Nf5 Qf6 20. e4 Rfd8 21.
Ne3 dxe4 22. Bc4 b5 23. Ba2 Nb6 24. Qe2 Na4 25. Qh5 Rc7 26. Bb3 Nc3 27. Ng4 Qg5
28. Qxg5 hxg5 29. Nxe5 Kf8 30. Ng4 Bd5 31. Ne3 Bxb3 32. cxb3 g6 33. a4 Kg7 34.
Kf1 Rd4 35. axb5 axb5 36. Ra3 f5 37. Rea1 g4 38. g3 Rcd7 39. Ra7 Kf7 40. R1a6
Rxa7 41. Rxa7+ Ke6 42. Rc7 Na2 43. Rg7 Kf6 44. Rb7 Nxb4 45. Rxb5 Kg5 46. Rb6
Nd5 47. Nxd5 Rxd5 48. Ke2 Rd3 49. b4 Rb3 50. b5 Rb2+ 51. Ke3 Rb3+ 52. Ke2 Rb2+
53. Ke3 Rb3+ 1/2-1/2

[Event "16th IT Zenica 2012"]
[Site "Zenica"]
[Date "2012.11.15"]
[Round "6.4"]
[White "Muratovic, Enver"]
[Black "Radic, Bojan"]
[Result "1/2-1/2"]
[WhiteElo "2311"]
[BlackElo "2193"]
[PlyCount "131"]
[EventDate "2012.11.12"]

1. e4 c5 2. Nf3 Nc6 3. d4 cxd4 4. Nxd4 d6 5. Nc3 g6 6. Be3 Bg7 7. Bc4 Nf6 8. f3
O-O 9. Qd2 Bd7 10. Nxc6 Bxc6 11. Bh6 Rc8 12. Bxg7 Kxg7 13. Bb3 b5 14. h4 h5 15.
Rd1 a5 16. a3 Qc7 17. Qd4 Rfd8 18. Rd2 e5 19. Qe3 b4 20. axb4 axb4 21. Na2 Rb8
22. O-O d5 23. exd5 Bxd5 24. Re2 Bxb3 25. Qxb3 Rd4 26. g3 e4 27. Kg2 Qe5 28.
Nc1 Rbd8 29. Rfe1 Rd2 30. fxe4 Qxe4+ 31. Qf3 Qxc2 32. Nb3 Rxe2+ 33. Rxe2 Qb1
34. Rf2 Rd6 35. Nc5 Qd1 36. Ne6+ Kh7 37. Qxf6 Qd5+ 38. Kg1 Qxe6 39. Qxf7+ Qxf7
40. Rxf7+ Kh6 41. Rf3 g5 42. hxg5+ Kxg5 43. Kg2 Rd2+ 44. Rf2 Rd1 45. Re2 b3 46.
Rf2 Rc1 47. Rf8 Rc2+ 48. Kh3 Rxb2 49. Rg8+ Kf5 50. Rb8 Rb1 51. Rf8+ Ke4 52. Rf2
b2 53. Rh2 Kf5 54. Rf2+ Kg5 55. Rh2 Kf5 56. Rf2+ Kg6 57. Kh2 Kg5 58. Kg2 Rg1+
59. Kxg1 b1=Q+ 60. Kh2 Qe1 61. Rf4 Qe3 62. Kg2 Qe2+ 63. Kg1 Qd2 64. Kh1 h4 65.
Rxh4 Qf2 66. Rf4 1/2-1/2

[Event "16th IT Zenica 2012"]
[Site "Zenica"]
[Date "2012.11.15"]
[Round "6.5"]
[White "Goric, Esad"]
[Black "Trkulja, Goran"]
[Result "1/2-1/2"]
[WhiteElo "2344"]
[BlackElo "2388"]
[PlyCount "20"]
[EventDate "2012.11.12"]

1. Nf3 d5 2. c4 e6 3. e3 Nf6 4. Be2 Be7 5. O-O a6 6. b3 O-O 7. Bb2 dxc4 8. Bxc4
b5 9. Be2 Bb7 10. d4 c5 1/2-1/2

[Event "16th IT Zenica 2012"]
[Site "Zenica"]
[Date "2012.11.16"]
[Round "7.1"]
[White "Trkulja, Goran"]
[Black "Martinovic, Slobodan"]
[Result "1/2-1/2"]
[WhiteElo "2388"]
[BlackElo "2430"]
[PlyCount "25"]
[EventDate "2012.11.12"]

1. e4 c6 2. d4 d5 3. Nc3 dxe4 4. Nxe4 Bf5 5. Ng3 Bg6 6. h4 h6 7. Nf3 Nd7 8. h5
Bh7 9. Bd3 Bxd3 10. Qxd3 e6 11. Bd2 Ngf6 12. O-O-O Be7 13. Qe2 1/2-1/2

[Event "16th IT Zenica 2012"]
[Site "Zenica"]
[Date "2012.11.16"]
[Round "7.3"]
[White "Drazic, Sinisa"]
[Black "Muratovic, Enver"]
[Result "1-0"]
[WhiteElo "2488"]
[BlackElo "2311"]
[PlyCount "213"]
[EventDate "2012.11.12"]

1. d4 d5 2. c4 e6 3. Nf3 Nf6 4. Bg5 Bb4+ 5. Nbd2 dxc4 6. Qc2 b5 7. a4 c6 8. g3
Nbd7 9. Bg2 Qb6 10. O-O h6 11. Bxf6 gxf6 12. b3 cxb3 13. Nxb3 bxa4 14. Rxa4 a5
15. Nfd2 O-O 16. Rb1 Qc7 17. Nc4 Ra6 18. Nbxa5 Bxa5 19. Rba1 Bb6 20. Rxa6 Bxa6
21. Rxa6 Bxd4 22. Rxc6 Qa7 23. e3 Qa1+ 24. Bf1 Ne5 25. Nxe5 Bxe5 26. f4 Bb8 27.
f5 exf5 28. Qxf5 Qe5 29. Rxf6 Qxf5 30. Rxf5 Ba7 31. Re5 Rc8 32. Kf2 Rc7 33. Kf3
Kg7 34. Bd3 Bc5 35. Be4 Be7 36. Rb5 Ra7 37. Bd5 Rc7 38. Rb6 Bc5 39. Ra6 Re7 40.
e4 Bd4 41. Kf4 Bg1 42. Ra2 Bd4 43. Kg4 Be5 44. Ra6 Bd4 45. Rc6 Bf6 46. Rc1 Bb2
47. Rc2 Bd4 48. Rd2 Bc3 49. Rf2 Bd4 50. Rf5 Kg6 51. Kf4 Bg1 52. h3 Bd4 53. Kg4
Bf6 54. h4 Bd4 55. Kf4 Bc3 56. Kf3 Be1 57. Kg2 Bc3 58. Kh3 Bd4 59. g4 Bc3 60.
g5 hxg5 61. Rxg5+ Kh6 62. Rf5 Kg7 63. Kg4 Bf6 64. Rf2 Bd4 65. Rd2 Bc3 66. Rc2
Bd4 67. Rg2 Kg6 68. Rg3 Be5 69. Ra3 Bd4 70. Ra4 Bc3 71. Rc4 Bd2 72. Rc2 Be3 73.
Rc6+ Kg7 74. Kf5 Bd4 75. h5 Re5+ 76. Kg4 Re7 77. Rd6 Be3 78. Kf5 f6 79. Rxf6
Bd4 80. Rg6+ Kh7 81. Rc6 Re5+ 82. Kg4 Re7 83. Be6 Rg7+ 84. Kf4 Rg1 85. Bf5+ Kg7
86. h6+ Kf7 87. Rc7+ Kf6 88. Rc6+ Kf7 89. e5 Re1 90. Rf6+ Ke7 91. Re6+ Kf7 92.
h7 Rh1 93. Ke4 Bb2 94. Kd5 Rd1+ 95. Kc4 Rd8 96. Kc5 Rh8 97. Kd5 Rd8+ 98. Ke4
Rd4+ 99. Kf3 Rd8 100. Kg4 Rh8 101. Rf6+ Kg7 102. Rg6+ Kf7 103. Rf6+ Kg7 104.
Re6 Kf7 105. Kf4 Bc1+ 106. Ke4 Bg5 107. Rg6 1-0

[Event "16th IT Zenica 2012"]
[Site "Zenica"]
[Date "2012.11.16"]
[Round "7.5"]
[White "Radlovacki, Jovan"]
[Black "Dizdarevic, Emir"]
[Result "1/2-1/2"]
[WhiteElo "2416"]
[BlackElo "2500"]
[PlyCount "22"]
[EventDate "2012.11.12"]

1. d4 d5 2. Nf3 c6 3. c4 Nf6 4. cxd5 cxd5 5. Nc3 Nc6 6. Bf4 e6 7. e3 Bd6 8.
Bxd6 Qxd6 9. Be2 O-O 10. O-O Bd7 11. Rc1 Rfc8 1/2-1/2

[Event "16th IT Zenica 2012"]
[Site "Zenica"]
[Date "2012.11.17"]
[Round "8.1"]
[White "Martinovic, Slobodan"]
[Black "Dizdarevic, Emir"]
[Result "1/2-1/2"]
[WhiteElo "2430"]
[BlackElo "2500"]
[PlyCount "26"]
[EventDate "2012.11.12"]

1. e4 e6 2. d4 d5 3. exd5 exd5 4. Bd3 Nf6 5. Nf3 Be7 6. O-O O-O 7. Bf4 Bg4 8.
Nbd2 Nbd7 9. h3 Bh5 10. c3 c6 11. Re1 Re8 12. Qc2 Bg6 13. Bxg6 hxg6 1/2-1/2

[Event "16th IT Zenica 2012"]
[Site "Zenica"]
[Date "2012.11.17"]
[Round "8.2"]
[White "Mestrovic, Zvonimir"]
[Black "Radlovacki, Jovan"]
[Result "0-1"]
[WhiteElo "2320"]
[BlackElo "2416"]
[PlyCount "86"]
[EventDate "2012.11.12"]

1. e4 c6 2. d4 d5 3. Nc3 dxe4 4. Nxe4 Nf6 5. Nxf6+ gxf6 6. Bc4 Bf5 7. Ne2 h5 8.
Nf4 Bg4 9. Qd3 e6 10. O-O Bf5 11. Qb3 Qb6 12. Re1 Qxb3 13. Bxb3 Be7 14. c4 Bb4
15. Re2 Nd7 16. Bc2 Bxc2 17. Rxc2 O-O-O 18. d5 e5 19. Nd3 Be7 20. Be3 cxd5 21.
cxd5+ Kb8 22. Rac1 Bd6 23. h4 Rhg8 24. Nc5 Nb6 25. Rd1 Rg4 26. f3 Rc4 27. Rc3
Rxc3 28. bxc3 f5 29. Nd3 Nxd5 30. Bg5 f6 31. Bd2 Bc7 32. Kf1 Kc8 33. c4 Nb6 34.
Ba5 Nxc4 35. Bxc7 Kxc7 36. Ke2 Rg8 37. Ne1 f4 38. Rc1 b5 39. a4 a6 40. Rc3 Kc6
41. Kf1 Kc5 42. Rd3 bxa4 43. Nc2 Rb8 0-1

[Event "16th IT Zenica 2012"]
[Site "Zenica"]
[Date "2012.11.17"]
[Round "8.3"]
[White "Muratovic, Enver"]
[Black "Terzic, Safet"]
[Result "1/2-1/2"]
[WhiteElo "2311"]
[BlackElo "2246"]
[PlyCount "20"]
[EventDate "2012.11.12"]

1. e4 c5 2. Nf3 e6 3. d4 cxd4 4. Nxd4 Nf6 5. Bd3 d6 6. O-O a6 7. c4 Nc6 8. Nxc6
bxc6 9. Nc3 Qc7 10. Qe2 Be7 1/2-1/2